[Event "25e tournoi 1hKO"]
[Site "Montigny le Bretonneux"]
[Date "2023.05.18"]
[Round "2.5"]
[White "Divies, Renaud"]
[Black "Kissian, Pascal"]
[Result "1-0"]
[WhiteElo "1855"]
[BlackElo "1523"]
[Annotator "Rivier,Sylvain"]
[PlyCount "53"]
[EventDate "2023.??.??"]

{Ouverture anglaise, variante Mikenas-Carls} 1. c4 Nf6 2. Nc3 e6 3. e4 Bb4 4.
Nge2 d6 5. g3 Bd7 6. Bg2 Bc6 7. O-O O-O 8. d4 Nbd7 9. d5 exd5 10. exd5 Ne5 11.
dxc6 bxc6 12. b3 Nfg4 13. h3 Nf6 14. f4 Ng6 15. Bxc6 Rb8 16. Be3 Qe7 17. Bxa7
Bc5+ 18. Bxc5 dxc5 19. Rf3 Rbd8 20. Rd3 Rxd3 21. Qxd3 Rd8 22. Nd5 Qe6 23. Rd1
Rd6 24. f5 Ne5 25. fxe6 Nxd3 26. Rxd3 Rxc6 27. Ne7+ 1-0

[Event "25e tournoi 1hKO"]
[Site "Montigny le Bretonneux"]
[Date "2023.05.18"]
[Round "2.6"]
[White "Witkowski, Gwendal"]
[Black "Plantet, Marc"]
[Result "0-1"]
[WhiteElo "1470"]
[BlackElo "1821"]
[Annotator "Rivier,Sylvain"]
[PlyCount "70"]
[EventDate "2023.??.??"]

{DÃ©fense est-indienne, variante Taimanov} 1. d4 Nf6 2. c4 d6 3. Nf3 g6 4. Nc3
Bg7 5. e4 O-O 6. Be2 e5 7. O-O Nc6 8. d5 Ne7 9. b4 Nh5 10. Ne1 Nf4 11. Nd3 f5
12. Bxf4 exf4 13. Rc1 Bxc3 14. Rxc3 fxe4 15. Nc1 f3 16. gxf3 Bh3 17. fxe4 Bxf1
18. Qxf1 a5 19. b5 b6 20. Bg4 g5 21. Qh3 Ng6 22. Ne2 Qf6 23. Bf5 Rae8 24. Bxg6
Qxf2+ 25. Kh1 hxg6 26. Ng1 Qh4 27. Re3 Rxe4 28. Qxh4 Rxh4 29. Nf3 Rxc4 30. Nxg5
Rc2 31. Kg1 Rf5 32. Re8+ Kg7 33. Ne6+ Kf6 34. Rf8+ Ke5 35. Rxf5+ gxf5 0-1

[Event "25e tournoi 1hKO"]
[Site "Montigny le Bretonneux"]
[Date "2023.05.18"]
[Round "2.7"]
[White "Claisse, Patrick"]
[Black "Couradin, Jean-Marie"]
[Result "1-0"]
[WhiteElo "1702"]
[BlackElo "1476"]
[Annotator "Rivier,Sylvain"]
[PlyCount "55"]
[EventDate "2023.??.??"]

{DÃ©fense Philidor} 1. e4 d6 2. d4 Nd7 3. Nf3 e5 4. Nc3 Be7 5. Be3 Ngf6 6. h3
c6 7. a4 Qc7 8. Be2 O-O 9. O-O Re8 10. dxe5 dxe5 11. Bc4 Nc5 12. Nd2 Ne6 13.
Nb3 b6 14. Qf3 Bb4 15. Ne2 Bb7 16. c3 Bf8 17. Ng3 a6 18. Nd2 b5 19. Bb3 Nc5 20.
Bc2 Nxa4 21. Bxa4 bxa4 22. Rxa4 c5 23. Nf5 Bc6 24. Raa1 c4 25. Bg5 Qb7 26. Nh6+
gxh6 27. Bxf6 Bxe4 28. Nxe4 1-0

[Event "25e tournoi 1hKO"]
[Site "Montigny le Bretonneux"]
[Date "2023.05.18"]
[Round "2.8"]
[White "Goujon, Antoine"]
[Black "Privat, Jean-Claude"]
[Result "1-0"]
[WhiteElo "1638"]
[BlackElo "1465"]
[Annotator "Rivier,Sylvain"]
[PlyCount "67"]
[EventDate "2023.??.??"]

{Partie du pion dame} 1. d4 d5 2. Nc3 Nf6 3. Bf4 c6 4. e3 Bf5 5. Nf3 e6 6. Ne5
Bb4 7. g4 Be4 8. f3 Bg6 9. h4 h5 10. g5 Nfd7 11. Nxg6 fxg6 12. Qd3 Kf7 13. Bh3
Qe7 14. O-O e5 15. Bh2 Bd6 16. Rae1 Na6 17. a3 Nc7 18. Kg2 Rhe8 19. e4 Nf8 20.
f4 exd4 21. exd5 Qxe1 22. Rxe1 Rxe1 23. Ne4 Rd8 24. Nxd6+ Rxd6 25. f5 Re3 26.
fxg6+ Nxg6 27. Qf1+ Kg8 28. Bxd6 Nxd5 29. Bg3 Rxg3+ 30. Kxg3 Ngf4 31. Bg2 Nxg2
32. Qxg2 Ne3 33. Qe4 Nf1+ 34. Kf4 1-0

[Event "25e tournoi 1hKO"]
[Site "Montigny le Bretonneux"]
[Date "2023.05.18"]
[Round "2.9"]
[White "Hoarau, Jules"]
[Black "Chevallier, Stephane"]
[Result "1/2-1/2"]
[WhiteElo "1416"]
[BlackElo "1617"]
[Annotator "Rivier,Sylvain"]
[PlyCount "87"]
[EventDate "2023.??.??"]

{Ouverture du pion dame, défense est-indienne} 1. d4 Nf6 2. Nf3 g6 3. Bf4 Bg7
4. e3 d6 5. c3 Nbd7 6. Nbd2 b6 7. h3 Bb7 8. Be2 a5 9. O-O O-O 10. Qc2 Re8 11.
Rfe1 e5 12. dxe5 Nxe5 13. Nxe5 dxe5 14. Bg5 e4 15. Rad1 Qd5 16. Bf4 Qc5 17. Nb3
Qe7 18. Rd2 Rad8 19. Rxd8 Rxd8 20. Rd1 Ne8 21. Rxd8 Qxd8 22. Qd1 Qxd1+ 23. Bxd1
Bf8 24. Nd4 Nd6 25. Be2 h5 26. Bg5 c5 27. Nb5 Nc8 28. Bd8 Be7 29. Bc7 Kf8 30.
Na3 Bd6 31. Bd8 Be7 32. Bc7 Bd6 33. Bd8 Be7 34. Bxe7+ Kxe7 35. Nb1 Nd6 36. Nd2
h4 37. b3 g5 38. a4 f5 39. Kh2 Kf6 40. Nc4 Nxc4 41. Bxc4 Ke5 42. g3 Bc8 43. Be2
Be6 44. c4 1/2-1/2

[Event "25e tournoi 1hKO"]
[Site "Montigny le Bretonneux"]
[Date "2023.05.18"]
[Round "2.10"]
[White "Piquard, Yaroslav"]
[Black "Payot, Guillaume"]
[Result "0-1"]
[WhiteElo "1616"]
[BlackElo "1402"]
[Annotator "Rivier,Sylvain"]
[PlyCount "70"]
[EventDate "2023.??.??"]

{DÃ©fense franÃ§aise, variante d'Ã©change} 1. e4 e6 2. d4 d5 3. exd5 exd5 4.
Nf3 Nc6 5. Bd3 Bd6 6. Qe2+ Nge7 7. O-O Bg4 8. c3 Qd7 9. Bg5 f6 10. Bh4 g5 11.
Bg3 Bxg3 12. fxg3 O-O-O 13. h3 Bf5 14. g4 Bxd3 15. Qxd3 h5 16. Nh2 hxg4 17.
Nxg4 f5 18. Ne5 Nxe5 19. dxe5 g4 20. hxg4 fxg4 21. Qe3 Nc6 22. Nd2 Qh7 23. Qg3
Qh5 24. Rae1 Rde8 25. e6 Qh1+ 26. Kf2 Rhf8+ 27. Ke2 Rxe6+ 28. Kd1 Rxe1+ 29.
Kxe1 Re8+ 30. Kd1 Qh5 31. Rf4 Ne5 32. Nf1 Qg6 33. Nd2 Nd3 34. Qxg4+ Qxg4+ 35.
Rxg4 Nf2+ 0-1

[Event "25e tournoi 1hKO"]
[Site "Montigny le Bretonneux"]
[Date "2023.05.18"]
[Round "2.11"]
[White "Durez, Gerard"]
[Black "Fayolle, Guy"]
[Result "0-1"]
[WhiteElo "1379"]
[BlackElo "1615"]
[Annotator "Rivier,Sylvain"]
[PlyCount "82"]
[EventDate "2023.??.??"]

{DÃ©fense est-indienne} 1. d4 Nf6 2. c4 g6 3. Nc3 Bg7 4. e3 d6 5. Be2 Nc6 6. a3
O-O 7. Nf3 e5 8. d5 Ne7 9. e4 Ng4 10. O-O f5 11. exf5 Nxf5 12. h3 Nf6 13. Bg5
h6 14. Bxf6 Qxf6 15. Ne4 Qe7 16. Rb1 a5 17. b4 Nh4 18. Nxh4 Qxh4 19. Ng3 e4 20.
Bg4 e3 21. Nh1 Bxg4 22. hxg4 Be5 23. g3 exf2+ 24. Kg2 Qg5 25. Nxf2 axb4 26. Nh3
Rxf1 27. Qxf1 Qxg4 28. Qd3 Rxa3 29. Rb3 Rxb3 30. Qxb3 Qe4+ 31. Kf1 Qh1+ 32. Ng1
Bd4 33. Qd3 Qxg1+ 34. Ke2 Kg7 35. Qe4 Qf2+ 36. Kd1 b3 37. Qe7+ Qf7 38. Qe2 b2
39. Qd3 b1=Q+ 40. Qxb1 Qf1+ 41. Kc2 Qxc4+ 0-1

[Event "25e tournoi 1hKO"]
[Site "Montigny le Bretonneux"]
[Date "2023.05.18"]
[Round "2.12"]
[White "Guerin, Sasha"]
[Black "Ferreira, Carlos"]
[Result "1-0"]
[WhiteElo "1194"]
[BlackElo "1675"]
[Annotator "Rivier,Sylvain"]
[PlyCount "52"]
[EventDate "2023.??.??"]

{DÃ©fense Philidor} 1. d4 d6 2. Nc3 Nd7 3. e4 e5 4. Nf3 Ngf6 5. dxe5 dxe5 6.
Bc4 h6 7. Be3 c6 8. Qd2 b5 9. Bb3 b4 10. Ne2 Nxe4 11. Qd3 Nef6 12. Bxf7+ Kxf7
13. Nxe5+ Kg8 14. Qb3+ Nd5 15. Nxc6 Qe8 16. Qxd5+ Kh7 17. Qd3+ g6 18. Bd4 Rg8
19. O-O Bb7 20. Na5 Be4 21. Qd2 Qd8 22. Qf4 Bf5 23. Nb3 Bg7 24. Bxg7 Rxg7 25.
Nbd4 Rf7 26. Nxf5 Rxf5 {suite illisible} 1-0

[Event "25e tournoi 1hKO"]
[Site "Montigny le Bretonneux"]
[Date "2023.05.18"]
[Round "2.13"]
[White "Martin-Breteau, Paul"]
[Black "Cogez, Celine"]
[Result "1-0"]
[WhiteElo "1506"]
[BlackElo "1505"]
[Annotator "Rivier,Sylvain"]
[PlyCount "69"]
[EventDate "2023.??.??"]

{DÃ©fense Caro-Kann, variante des deux cavaliers} 1. e4 c6 2. Nc3 d5 3. Nf3 Bg4
4. h3 Bxf3 5. Qxf3 e6 6. exd5 cxd5 7. d4 Nf6 8. Bd3 Nc6 9. Ne2 Bd6 10. c3 h6
11. O-O O-O 12. Re1 Re8 13. Bf4 e5 14. dxe5 Nxe5 15. Bxe5 Bxe5 16. Ng3 Bxg3 17.
fxg3 Qb6+ 18. Qf2 Qxf2+ 19. Kxf2 Ne4+ 20. Bxe4 dxe4 21. Rad1 f5 22. Rd7 Rad8
23. Red1 Rb8 24. c4 Kf8 25. R1d5 g6 26. R5d6 Re7 27. Rxe7 Kxe7 28. Rxg6 Rd8 29.
Ke3 Rd3+ 30. Ke2 Kf7 31. Rxh6 Rxg3 32. Kf2 f4 33. Rh4 e3+ 34. Kf1 e2+ 35. Ke1
1-0

[Event "25e tournoi 1hKO"]
[Site "Montigny le Bretonneux"]
[Date "2023.05.18"]
[Round "2.14"]
[White "Lamorelle, Alexey"]
[Black "Nosperger, Theo"]
[Result "1-0"]
[WhiteElo "1293"]
[BlackElo "1199"]
[Annotator "Rivier,Sylvain"]
[PlyCount "79"]
[EventDate "2023.??.??"]

{Partie des quatre cavaliers, variante symÃ©trique} 1. e4 e5 2. Nf3 Nc6 3. Nc3
Nf6 4. Bb5 Bb4 5. O-O d6 6. d3 O-O 7. Bg5 Be6 8. Nd5 Bxd5 9. exd5 Nb8 10. a3
Bc5 11. Nd2 a6 12. Ba4 b5 13. Bb3 Nbd7 14. Ne4 Bb6 15. a4 Qe7 16. c4 bxc4 17.
dxc4 Bd4 18. Qe2 Rab8 19. Qc2 Rb4 20. Rad1 Rfb8 21. Rd3 h6 22. Bh4 g6 23. Rf3
Kg7 24. Nxf6 g5 25. Nxd7 Qxd7 26. Bg3 g4 27. Rd3 Qf5 28. Qd1 Bxb2 29. f3 h5 30.
fxg4 Qxg4 31. Qxg4+ hxg4 32. Bd1 Rxc4 33. Bh4 Kg6 34. Rf6+ Kg7 35. Rg3 Bd4+ 36.
Kf1 Rc1 37. Rxg4+ Kf8 38. Rh6 Rxd1+ 39. Ke2 Rbb1 40. Rh8# 1-0

[Event "25e tournoi 1hKO"]
[Site "Montigny le Bretonneux"]
[Date "2023.05.18"]
[Round "2.15"]
[White "El Yaalaoui, Adam"]
[Black "Suffert, Martin"]
[Result "0-1"]
[WhiteElo "1199"]
[BlackElo "1368"]
[Annotator "Rivier,Sylvain"]
[PlyCount "55"]
[EventDate "2023.??.??"]

{DÃ©fense scandinave} 1. e4 d5 2. exd5 Qxd5 3. Nc3 Qa5 4. Bc4 Nf6 5. Nf3 Bg4 6.
O-O e6 7. h3 Bh5 8. Be2 Be7 9. d4 c6 10. Re1 O-O 11. Bf4 Nbd7 12. Ne5 Bxe2 13.
Rxe2 Qd8 14. Qd2 Nd5 15. Nxd5 cxd5 16. Rae1 Nf6 17. Re3 Re8 18. Bg5 Qb6 19.
Bxf6 Bxf6 20. Rg3 Bh4 21. Rb3 Qa6 22. Qf4 Bf6 23. Rg3 Kf8 24. Rge3 Re7 25. h4
Qxa2 26. Rh3 Qxb2 27. g4 Bxe5 28. Rxe5 {suite illisible} 0-1

[Event "25e tournoi 1hKO"]
[Site "Montigny le Bretonneux"]
[Date "2023.05.18"]
[Round "2.16"]
[White "Bouloc, Roger"]
[Black "Genovart, Lucas"]
[Result "1/2-1/2"]
[WhiteElo "1357"]
[BlackElo "1199"]
[Annotator "Rivier,Sylvain"]
[PlyCount "75"]
[EventDate "2023.??.??"]

{Partie espagnole, dÃ©fense Morphy} 1. e4 e5 2. Nf3 Nc6 3. Bb5 Nf6 4. O-O a6 5.
Ba4 b5 6. Bb3 Na5 7. d4 Nxb3 8. axb3 exd4 9. Bg5 Be7 10. Nxd4 O-O 11. Nd2 h6
12. Bxf6 Bxf6 13. c3 d6 14. Re1 Bb7 15. Qg4 Bxd4 16. cxd4 c5 17. e5 dxe5 18.
Rxe5 Qxd4 19. Qxd4 cxd4 20. Re7 Bd5 21. Rc1 Rac8 22. Rec7 Be6 23. b4 Rxc7 24.
Rxc7 Rc8 25. Rxc8+ Bxc8 26. f4 Kf8 27. Kf2 Bf5 28. Kf3 Bc2 29. g4 f6 30. f5 Ke7
31. h4 d3 32. Ne4 Kd7 33. Ke3 Kc6 34. Nf2 Kd5 35. Nxd3 Bxd3 36. Kxd3 Ke5 37.
Ke3 Kd5 38. Kd3 1/2-1/2

[Event "25e tournoi 1hKO"]
[Site "Montigny le Bretonneux"]
[Date "2023.05.18"]
[Round "2.17"]
[White "Garabedian, Christophe"]
[Black "Moulun, Raphael"]
[Result "0-1"]
[WhiteElo "1199"]
[BlackElo "1355"]
[Annotator "Rivier,Sylvain"]
[PlyCount "76"]
[EventDate "2023.??.??"]

{Ouverture du pion dame} 1. d4 Nf6 2. Bf4 c5 3. e3 e6 4. c3 Qb6 5. Qb3 Qc6 6.
Nf3 d5 7. Bd3 c4 8. Ne5 cxb3 9. Nxc6 Nxc6 10. axb3 Be7 11. O-O O-O 12. c4 Nh5
13. Bg3 Nxg3 14. fxg3 Bg5 15. e4 Nb4 16. Rf3 Nxd3 17. Rxd3 dxe4 18. Rd1 Rd8 19.
Nc3 Be3+ 20. Kh1 f5 21. d5 Bc5 22. Nb5 exd5 23. Nc7 Rb8 24. cxd5 Bd6 25. Ne6
Bxe6 26. dxe6 Kf8 27. Rd5 g6 28. Rad1 Ke7 29. Ra5 Bb4 30. Rad5 Rxd5 31. Rxd5
Kxe6 32. Rd4 Bc5 33. Rc4 Rd8 34. h3 b6 35. b4 Rd4 36. Rxd4 Bxd4 37. g4 f4 38.
Kh2 Bf2 0-1

[Event "25e tournoi 1hKO"]
[Site "Montigny le Bretonneux"]
[Date "2023.05.18"]
[Round "2.18"]
[White "Abdallaoui, Mohamed Mehdi"]
[Black "Orfila, Aylin"]
[Result "1-0"]
[WhiteElo "1352"]
[BlackElo "1099"]
[Annotator "Rivier,Sylvain"]
[PlyCount "31"]
[EventDate "2023.??.??"]

{Partie du pion dame} 1. d4 d5 2. Nf3 Nc6 3. Bf4 e6 4. e3 Bd6 5. Bg5 Be7 6. Bf4
Nf6 7. c4 O-O 8. Nbd2 Bd7 9. Bd3 Nb4 10. Bb1 Ng4 11. a3 Nc6 12. Ne5 Bd6 13.
Qxg4 Qf6 14. Nxd7 Qe7 15. Qh3 Qxd7 16. Qxh7# 1-0

[Event "25e tournoi 1hKO"]
[Site "Montigny le Bretonneux"]
[Date "2023.05.18"]
[Round "2.19"]
[White "Nguyen, Alexandre"]
[Black "Couradin, Bruno"]
[Result "1-0"]
[WhiteElo "1199"]
[BlackElo "1343"]
[Annotator "Rivier,Sylvain"]
[PlyCount "75"]
[EventDate "2023.??.??"]

{Partie du pion dame} 1. d4 d5 2. Bf4 Nc6 3. Nf3 Nf6 4. h3 h6 5. e3 Bf5 6. c3
e6 7. Bd3 Bxd3 8. Qxd3 Bd6 9. Ne5 O-O 10. O-O Ne4 11. Nd2 Nxd2 12. Qxd2 f6 13.
Nxc6 bxc6 14. Bxd6 Qxd6 15. Rfe1 c5 16. Rac1 cxd4 17. cxd4 Rac8 18. Rc2 Rfe8
19. Rec1 e5 20. Rc6 Qd7 21. Qa5 Re7 22. Qxa7 exd4 23. Qxd4 Re6 24. Rxe6 Qxe6
25. Rc5 c6 26. b4 Qe5 27. b5 Qe6 28. b6 Rb8 29. Qb4 Qc8 30. a4 Qa6 31. Rxc6 Qb7
32. Qb5 Rd8 33. a5 d4 34. a6 Qb8 35. exd4 Rxd4 36. g3 Kh7 37. Qf5+ Kg8 38. Rc8+
1-0

[Event "25e tournoi 1hKO"]
[Site "Montigny le Bretonneux"]
[Date "2023.05.18"]
[Round "2.20"]
[White "Nosperger, Mael"]
[Black "Carbonero, Jean Marc"]
[Result "1-0"]
[WhiteElo "1334"]
[BlackElo "1027"]
[Annotator "Rivier,Sylvain"]
[PlyCount "51"]
[EventDate "2023.??.??"]

{DÃ©but Reti} 1. e4 e5 2. d3 Nc6 3. Nd2 d6 4. g3 Be7 5. Bg2 Nf6 6. Ngf3 O-O 7.
O-O Bg4 8. c3 d5 9. exd5 Nxd5 10. Qc2 f5 11. Re1 f4 12. Nxe5 Nxe5 13. Rxe5 f3
14. Bf1 Qd6 15. d4 Bf6 16. Rxd5 Qxd5 17. Bc4 Bf5 18. Bxd5+ Kh8 19. Qxf5 c6 20.
Be4 g6 21. Qh3 Bg5 22. Bxg6 h6 23. Ne4 Bxc1 24. Rxc1 Kg7 25. Qg4 Rae8 26. Bxe8+
1-0

[Event "25e tournoi 1hKO"]
[Site "Montigny le Bretonneux"]
[Date "2023.05.18"]
[Round "2.21"]
[White "Robic, Raphael"]
[Black "Foare, Etienne"]
[Result "0-1"]
[WhiteElo "1099"]
[BlackElo "1318"]
[Annotator "Rivier,Sylvain"]
[PlyCount "116"]
[EventDate "2023.??.??"]

{Défense Caro-Kann, variante des deux cavaliers} 1. e4 c6 2. Nc3 d5 3. d3 dxe4
4. dxe4 Qxd1+ 5. Nxd1 e5 6. Nf3 Bd6 7. Bd3 Bg4 8. h3 Bxf3 9. gxf3 Nd7 10. Nc3
O-O-O 11. Be3 Ne7 12. Bxa7 b6 13. Ba6+ Kc7 14. O-O-O Ra8 15. Bxb6+ Nxb6 16. Bd3
Bb4 17. Rhg1 g6 18. a3 Bxc3 19. bxc3 Rxa3 20. c4 Ra1+ 21. Kd2 Rxd1+ 22. Kxd1
Ra8 23. Ke2 Ra4 24. c5 Nd7 25. c4 Nxc5 26. h4 Nxd3 27. Kxd3 Ra3+ 28. Kc2 Rxf3
29. h5 c5 30. hxg6 Rxf2+ 31. Kd3 Nxg6 32. Rh1 Nf4+ 33. Ke3 Re2+ 34. Kf3 Rc2 35.
Rxh7 Rxc4 36. Rxf7+ Kb6 37. Rf5 Nd3 38. Ke3 Rd4 39. Rf6+ Kb5 40. Rf1 c4 41. Rd1
c3 42. Rxd3 Rxd3+ 43. Kxd3 Kb4 44. Kc2 Kc4 45. Kc1 Kd3 46. Kb1 Kxe4 47. Kc2 Kd4
48. Kb3 Kd3 49. Ka2 c2 50. Kb2 Kd2 51. Kb3 c1=Q 52. Kb4 Qc6 53. Kb3 Qc3+ 54.
Ka4 Qb2 55. Ka5 Qb7 56. Ka4 Qb6 57. Ka3 Kc3 58. Ka4 Qb4# 0-1

[Event "25e tournoi 1hKO"]
[Site "Montigny le Bretonneux"]
[Date "2023.05.18"]
[Round "2.22"]
[White "Galichet, Noe"]
[Black "Tanchoux, Pierre"]
[Result "0-1"]
[WhiteElo "1009"]
[BlackElo "1236"]
[Annotator "Rivier,Sylvain"]
[PlyCount "76"]
[EventDate "2023.??.??"]

{Partie du pion dame, variante Tartacover} 1. d4 Nf6 2. Nc3 e6 3. Bg5 d5 4. Nf3
Be7 5. e3 c6 6. Bd3 O-O 7. O-O Nbd7 8. e4 dxe4 9. Nxe4 Nxe4 10. Bxe4 Bxg5 11.
Nxg5 Qxg5 12. g3 Rd8 13. h4 Qe7 14. Qh5 Nf6 15. Qe5 Nxe4 16. Qxe4 Qd6 17. g4
Qd5 18. Qf4 Qxd4 19. Qg3 e5 20. g5 Qg4 21. Rad1 Qxg3+ 22. fxg3 Be6 23. Rd2 Rxd2
24. h5 Rad8 25. h6 g6 26. Rf6 Rd1+ 27. Kf2 R8d2+ 28. Ke3 Rxc2 29. Ke4 Re1+ 30.
Kd3 Rxb2 31. Kc3 Rxa2 32. Kd3 Ra3+ 33. Kd2 Rg1 34. Ke2 Rgxg3 35. Kf2 Rgb3 36.
Rxe6 fxe6 37. Ke2 Ra2+ 38. Kd1 Rb1# 0-1

[Event "25e tournoi 1hKO"]
[Site "Montigny le Bretonneux"]
[Date "2023.05.18"]
[Round "2.23"]
[White "Bozier, Teodor"]
[Black "Orfila, Hugo"]
[Result "1-0"]
[WhiteElo "1213"]
[BlackElo "1009"]
[Annotator "Rivier,Sylvain"]
[PlyCount "33"]
[EventDate "2023.??.??"]

{DÃ©fense scandinave} 1. e4 d5 2. exd5 Nf6 3. c4 Bg4 4. Be2 Bf5 5. Nc3 e5 6. d4
exd4 7. Qxd4 b6 8. Qe5+ Be7 9. Qxf5 O-O 10. Nf3 g6 11. Qh3 Nbd7 12. O-O Nh5 13.
Bh6 Re8 14. Nd4 Nc5 15. Bxh5 gxh5 16. Qg3+ Kh8 17. Qg7# 1-0

[Event "25e tournoi 1hKO"]
[Site "Montigny le Bretonneux"]
[Date "2023.05.18"]
[Round "2.24"]
[White "Orfila, Leila"]
[Black "Baysse, Nathan"]
[Result "0-1"]
[WhiteElo "1009"]
[BlackElo "1199"]
[Annotator "Rivier,Sylvain"]
[PlyCount "80"]
[EventDate "2023.??.??"]

{Partie des trois cavaliers} 1. e4 e5 2. Nf3 Nc6 3. Nc3 Bc5 4. Bd3 d6 5. O-O
Bg4 6. Qe2 Nd4 7. Qe3 Nxc2 8. Bxc2 Bxe3 9. Ba4+ c6 10. Nd5 b5 11. Bc2 Bxf2+ 12.
Rxf2 cxd5 13. exd5 Bxf3 14. Rxf3 Nf6 15. b3 Rc8 16. Bd1 Nxd5 17. a4 Qb6+ 18.
Rf2 Qa6 19. Bh5 Nf4 20. Bf3 Rxc1+ 21. Rxc1 Nd3 22. Rcf1 Nxf2 23. Rxf2 bxa4 24.
bxa4 Qxa4 25. d3 Qd4 26. Bc6+ Ke7 27. Kf1 Rc8 28. Ba4 Qxa4 29. Kg1 Rc1+ 30. Rf1
Rxf1+ 31. Kxf1 Qd1+ 32. Kf2 Qxd3 33. h4 Qd4+ 34. Ke2 Qxh4 35. g4 Qxg4+ 36. Kf2
a5 37. Ke1 a4 38. Kd2 a3 39. Kc2 a2 40. Kb2 Qa4 0-1

[Event "25e tournoi 1hKO"]
[Site "Montigny le Bretonneux"]
[Date "2023.05.18"]
[Round "2.25"]
[White "Druet, Arnaud"]
[Black "Zheng, Zhaokang"]
[Result "1-0"]
[WhiteElo "1199"]
[BlackElo "1009"]
[Annotator "Rivier,Sylvain"]
[PlyCount "81"]
[EventDate "2023.??.??"]

{DÃ©fense des deux cavaliers} 1. e4 e5 2. Nf3 Nc6 3. Bc4 Nf6 4. Ng5 d5 5. exd5
Na5 6. Bb5+ Bd7 7. Bxd7+ Qxd7 8. Nc3 h6 9. Nge4 Nxe4 10. Nxe4 Qxd5 11. Qf3 Qe6
12. O-O Be7 13. Nc3 O-O 14. a3 c6 15. d3 Bd6 16. b4 e4 17. Nxe4 Qe5 18. Bf4 Qf5
19. Nxd6 Qf6 20. bxa5 b6 21. axb6 axb6 22. Nc4 b5 23. Nb6 Ra6 24. Nd7 Qe7 25.
Nxf8 Qxf8 26. a4 bxa4 27. Rfb1 Qe7 28. Rb8+ Kh7 29. Qe4+ Qxe4 30. dxe4 c5 31.
Rb7 g5 32. Be3 Rd6 33. Rxf7+ Kg8 34. Ra7 c4 35. R7xa4 c3 36. h3 Re6 37. Rb1 Kf8
38. Rb7 h5 39. Ra8+ Re8 40. Bc5+ Kg8 41. Rxe8# 1-0

[Event "25e tournoi 1hKO"]
[Site "Montigny le Bretonneux"]
[Date "2023.05.18"]
[Round "3.1"]
[White "Fruchard, Cyrille"]
[Black "Claisse, Patrick"]
[Result "1-0"]
[WhiteElo "2330"]
[BlackElo "1702"]
[Annotator "Rivier,Sylvain"]
[PlyCount "65"]
[EventDate "2023.??.??"]

{Partie du pion dame} 1. d4 Nf6 2. Nf3 g6 3. Nbd2 d5 4. b3 Bg7 5. Bb2 O-O 6. e3
b6 7. Bd3 Ba6 8. Rc1 Bxd3 9. cxd3 Na6 10. b4 Nxb4 11. Qb3 a5 12. a3 Na6 13. Rc6
Rc8 14. O-O Nb8 15. Rc2 c6 16. a4 Nfd7 17. Ba3 Re8 18. Rb1 Bf8 19. Ne5 Nxe5 20.
dxe5 Nd7 21. e6 fxe6 22. Nf3 e5 23. Rbc1 Nc5 24. Bxc5 bxc5 25. Rxc5 e6 26. Rxc6
Rxc6 27. Rxc6 Qb8 28. Qc2 Qb4 29. g3 Qb8 30. e4 Bg7 31. Ng5 Bf6 32. Nxe6 Kf7
33. Nc7 1-0

[Event "25e tournoi 1hKO"]
[Site "Montigny le Bretonneux"]
[Date "2023.05.18"]
[Round "3.2"]
[White "Fayolle, Guy"]
[Black "Lim, Chin"]
[Result "1-0"]
[WhiteElo "1615"]
[BlackElo "1903"]
[Annotator "Rivier,Sylvain"]
[PlyCount "68"]
[EventDate "2023.??.??"]

{DÃ©fense franÃ§aise, variante Steinitz} 1. e4 e6 2. d4 d5 3. Nc3 Nf6 4. e5
Nfd7 5. f4 c5 6. Nf3 Nc6 7. Bd3 b6 8. Be2 a5 9. a4 Ba6 10. Bxa6 Rxa6 11. Nb5
Ra8 12. O-O c4 13. Qe1 Nb4 14. Qf2 Be7 15. Ne1 O-O 16. c3 Na6 17. f5 Nc7 18.
Nxc7 Qxc7 19. Qg3 Kh8 20. Qh3 Qc6 21. Nf3 Rab8 22. Ng5 Bxg5 23. Bxg5 exf5 24.
Be7 Rfe8 25. Bd6 Rb7 26. Rxf5 f6 27. Rh5 Nf8 28. Bxf8 Rxf8 29. Rxh7+ Kg8 30.
Rh8+ Kf7 31. Qh5+ Ke7 32. exf6+ Qxf6 33. Rxf8 Qxf8 34. Qxd5 Qc8 1-0

[Event "25e tournoi 1hKO"]
[Site "Montigny le Bretonneux"]
[Date "2023.05.18"]
[Round "3.3"]
[White "Payot, Guillaume"]
[Black "Divies, Renaud"]
[Result "0-1"]
[WhiteElo "1402"]
[BlackElo "1855"]
[Annotator "Rivier,Sylvain"]
[PlyCount "52"]
[EventDate "2023.??.??"]

{Ouverture du pion dame} 1. d4 c5 2. d5 g6 3. c4 b5 4. Qc2 Bg7 5. e4 b4 6. Nf3
d6 7. h3 Nf6 8. Bd3 O-O 9. O-O e5 10. Bg5 h6 11. Be3 Nh5 12. Nh2 f5 13. f4 exf4
14. Bxf4 fxe4 15. Bxe4 Nxf4 16. Bxg6 Nxg6 17. Qxg6 Rxf1+ 18. Nxf1 Qf6 19. Qe8+
Qf8 20. Qe2 Nd7 21. a3 Bd4+ 22. Kh1 Ne5 23. axb4 Bf5 24. Ng3 Bd3 25. Qd1 Qf2
26. Kh2 Be3 0-1

[Event "25e tournoi 1hKO"]
[Site "Montigny le Bretonneux"]
[Date "2023.05.18"]
[Round "3.4"]
[White "Plantet, Marc"]
[Black "Goujon, Antoine"]
[Result "1/2-1/2"]
[WhiteElo "1821"]
[BlackElo "1638"]
[Annotator "Rivier,Sylvain"]
[PlyCount "52"]
[EventDate "2023.??.??"]

{DÃ©fense sicilienne} 1. e4 c5 2. c3 g6 3. Nf3 Bg7 4. Be2 d6 5. O-O Nf6 6. d3
O-O 7. h3 Nc6 8. Be3 e5 9. a4 Be6 10. Qd2 a6 11. Na3 Rb8 12. Nc2 b5 13. axb5
axb5 14. Ra6 Qc8 15. Rfa1 Rd8 16. Bh6 b4 17. Bxg7 Kxg7 18. Ne3 bxc3 19. bxc3 h6
20. Qc1 Rd7 21. d4 cxd4 22. cxd4 Nxd4 23. Nxd4 Qxc1+ 24. Rxc1 exd4 25. Nc2 Nxe4
26. Nxd4 Nc5 1/2-1/2

[Event "25e tournoi 1hKO"]
[Site "Montigny le Bretonneux"]
[Date "2023.05.18"]
[Round "3.5"]
[White "Lamorelle, Julien"]
[Black "Sondermeijer, Antoine"]
[Result "1-0"]
[WhiteElo "2296"]
[BlackElo "1485"]
[Annotator "Rivier,Sylvain"]
[PlyCount "59"]
[EventDate "2023.??.??"]

{DÃ©fense franÃ§aise, variante classique} 1. d4 d5 2. Nc3 Nf6 3. Bg5 e6 4. e4
dxe4 5. Nxe4 Be7 6. Bxf6 Bxf6 7. Nf3 O-O 8. c3 Nd7 9. Bd3 b6 10. O-O Bb7 11.
Qe2 c5 12. Rad1 cxd4 13. Nxf6+ Nxf6 14. Bb1 Qc7 15. Nxd4 Rad8 16. Rfe1 Qc5 17.
Qb5 Rd5 18. Qxc5 Rxc5 19. f3 Rd8 20. Bc2 g6 21. Kf2 Kg7 22. Nxe6+ fxe6 23. Rxd8
Bd5 24. Bb3 Bxb3 25. axb3 Kf7 26. Ra1 Ke7 27. Rb8 Rc7 28. b4 Rd7 29. Ke2 g5 30.
Ra8 1-0

[Event "25e tournoi 1hKO"]
[Site "Montigny le Bretonneux"]
[Date "2023.05.18"]
[Round "3.6"]
[White "Chevallier, Stephane"]
[Black "Lamorelle, Alexey"]
[Result "1-0"]
[WhiteElo "1617"]
[BlackElo "1293"]
[Annotator "Rivier,Sylvain"]
[PlyCount "77"]
[EventDate "2023.??.??"]

{Partie du pion dame} 1. c4 c6 2. Nc3 d5 3. cxd5 cxd5 4. d4 Nf6 5. g3 Nc6 6.
Bg2 e6 7. Nf3 Be7 8. O-O O-O 9. a3 b6 10. e3 Bb7 11. b4 Rc8 12. Bb2 Re8 13. Rc1
Bd6 14. Re1 Bb8 15. Re2 e5 16. dxe5 Nxe5 17. Nxe5 Bxe5 18. Rd2 Bxc3 19. Bxc3
Ne4 20. Rdc2 Bc6 21. Qd4 Nf6 22. Bb2 Bb7 23. Rxc8 Bxc8 24. Qc3 Bf5 25. Qc7 a6
26. Qxd8 Rxd8 27. Bxf6 gxf6 28. Rc6 Rc8 29. Rxc8+ Bxc8 30. Bxd5 Kf8 31. e4 Ke7
32. f4 a5 33. Kf2 axb4 34. axb4 Kd6 35. Bxf7 Kc6 36. Be8+ Kd6 37. Ke3 Bg4 38.
Ba4 Be6 39. Kd4 1-0